| 000 | 01831nam0a2200409 4500 | ||
|---|---|---|---|
| 001 | RU\NLR\bibl\739439 | ||
| 005 | 20260406163629.0 | ||
| 010 |
_a5-8183-0134-6 _910000 |
||
| 021 |
_aRU _b2004-63317 _93123 |
||
| 035 | _aRSL-KNO-002487604 | ||
| 035 | _a(NLR Aleph) 000729338 | ||
| 090 |
_a752635 _c752635 |
||
| 100 | _a20041014d2004 |||y0rusy50 ca | ||
| 101 | 1 |
_arus _ceng |
|
| 102 | _aRU | ||
| 105 | _aa ||||||||| | ||
| 106 | _ar | ||
| 200 | 1 |
_aШокирующая правда о воде и соли _fПоль С. Брэгг, Патриция Брэгг _g[пер. с англ. В. Егорова] |
|
| 210 |
_aМ. _cГранд _cФаир-пресс _d2004 _gОАО Можайский полигр. комб. |
||
| 215 |
_a284, [2] с. _cил. _d20 |
||
| 225 | 1 | _aБиблиотека здоровья | |
| 606 | 0 |
_aКапуста _xКвашение _91010710 _3RU\NLR\auth\66384717 |
|
| 606 | 0 |
_aПитьевая вода _jПопулярные издания _xВлияние на организм _92162531 _3RU\NLR\auth\661301346 |
|
| 606 | 0 |
_aПоваренная соль _jПопулярные издания _xВлияние на организм _92162529 _3RU\NLR\auth\661301345 |
|
| 610 | 0 | _aЗдравоохранение. Медицинские науки -- Гигиена питания -- Рациональное питание -- Популярные издания | |
| 686 |
_aР123.0я9 _2rubbk |
||
| 686 | _aЛ912.205 | ||
| 686 | _aР123.025я9 | ||
| 686 | _aР123.026я9 | ||
| 700 | 1 |
_4070 _8rus _7ca _aБрэгг _bП. С. _f1881-1976 _gПоль С. _3RU\NLR\AUTH\7710278 _9120057 |
|
| 701 | 1 |
_aБрэгг _bП. _gПатриция _4070 |
|
| 801 | 0 |
_aRU _bRuMoRKP _c20041014 _grcr |
|
| 801 | 1 |
_aRU _bRuMoRGB _c20041014 |
|
| 801 | 2 |
_aRU _bNLR _c20050324 _gPSBO |
|
| 942 | _cBOOK | ||
| 980 | _aNB | ||